00421nam a2200121Ia 4500003000400000008004100004040001600045082002300061245014400084260005500228300001100283490000500294GCL140319s9999 xx 000 0 ara d aGCL / cGCL04aمb953.001bع د10aدراسة فى تاريخ الجزيرة العربية الحديث والمعاصر: مصادر تاريخ البلاد السعودية a[S.N] : bدار المريخ للنشر ، c1979 a461 ص a